| 000 | 01468nam0a2200337 4500 | ||
|---|---|---|---|
| 001 | RU\NLR\bibl\110633 | ||
| 005 | 20260405103512.0 | ||
| 010 |
_a5-7620-0855-X _95000 |
||
| 021 |
_aRU _b2000-19385 _9912 |
||
| 035 | _a(NLR Aleph) 000108288 | ||
| 090 |
_a613662 _c613662 |
||
| 100 | _a20000929d2000 |||y0rusy50 ca | ||
| 101 | 0 | _arus | |
| 102 | _aRU | ||
| 105 | _aa ||||||||| | ||
| 200 | 1 |
_aКаждый ребенок талантлив _eУчеб.-метод. комплекс _eНовое в работе с природ. материалом и обучении _fН.Н. Карпова |
|
| 210 |
_aНовосибирск _cКн. изд-во _d2000 |
||
| 215 |
_a79 с.,[4] л. цв. ил. _cил. _d26 |
||
| 300 | _aНа 4-й с. обл. авт.: Карпова Н.Н., педагог, худож.-оформитель | ||
| 320 | _aБиблиогр.: с. 79 | ||
| 606 | 0 |
_aШкольные кружки по работе с природными материалами _jМетодические пособия _91977370 _3RU\NLR\auth\661193044 |
|
| 686 | _aЧ421.355.22 | ||
| 686 | _aЧ421.385.354.11 | ||
| 700 | 1 |
_4070 _8rus _7ca _aКарпова _bН. Н. _cпедагог, худож.-оформитель _gНаталья Николаевна _3RU\NLR\auth\7739134 _922118 |
|
| 801 | 0 |
_aRU _bNLR _c20000929 _gPSBO |
|
| 801 | 1 |
_aRU _bNLR _c20000929 |
|
| 830 | _aАвт. по кн. | ||
| 852 |
_aNLR _j2000-7/1781 |
||
| 942 | _cBOOK | ||
| 980 | _aNB | ||